Life with the esquimaux: The narrative of Captain Charles Francis Hall, of the whaling barque George Henry, from the 29th may, to the 13th september, 1862. With the results of a long intercourse with the Innuits, and full description of their mode of life, the discovery of actual relics of the expedition of Martin Frobisher of three centuries ago, and deductions in favour of yet discovering some of the survivors of Sir John Franklin expedition. With maps and one hundred illustrations. In two volumes, Vol. I [Vol. II]

Gespeichert in:
Bibliographische Detailangaben
1. Verfasser: Hall, Charles Francis (VerfasserIn)
Format: Buch
Sprache:Englisch
Veröffentlicht: Londres Sampson Low, son and Marston 1864
Ausgabe:1a. ed
Schlagworte:
Tags: Tag hinzufügen
Keine Tags, Fügen Sie den ersten Tag hinzu!

MARC

LEADER 00000nam a2200000 a 4500
001 UCJ5556
003 CL-VaPUC
008 070124e18640000UK |||||||||||||||||eng|d
082 0 4 |a 910.4  |b HAL  |2 21 
100 0 |a Hall, Charles Francis  |e author  |9 510839 
245 1 0 |a Life with the esquimaux: The narrative of Captain Charles Francis Hall, of the whaling barque George Henry, from the 29th may, to the 13th september, 1862. With the results of a long intercourse with the Innuits, and full description of their mode of life, the discovery of actual relics of the expedition of Martin Frobisher of three centuries ago, and deductions in favour of yet discovering some of the survivors of Sir John Franklin expedition. With maps and one hundred illustrations. In two volumes, Vol. I [Vol. II] 
250 |a 1a. ed 
300 |a 2 v 
942 |c BK 
945 |d 20070124 00:00:00  |a rinostro 
260 |a Londres  |b Sampson Low, son and Marston  |c 1864 
500 |a Front., vol. 1, retrato del autor junto a dos nativos; mapas e ilustraciones conforme al índice 
600 0 7 |a FROBISHER, MARTIN  |2 CL-VaPUC  |9 510658 
600 0 7 |a FRANKLIN, JOHN  |2 CL-VaPUC  |9 510840 
650 0 |a Viajes  |9 257115 
650 0 |a Expediciones científicas  |9 265222 
650 7 |a RESCATES  |2 CL-VaPUC  |9 505719 
650 7 |a ESQUIMALES  |2 CL-VaPUC  |9 441373 
650 0 |a Antropología   |9 233030 
650 0 |a Cultura  |9 269059 
650 7 |a FAUNA  |2 CL-VaPUC  |9 349523 
650 7 |a BALLENEROS  |2 CL-VaPUC  |9 504565 
650 0 |a Descubrimientos geográficos  |9 331933 
650 0 |a Mapas  |9 260844 
650 0 |a Ilustraciones  |9 369481 
650 0 |a Grabados  |9 310822 
650 0 |a Iconografía   |9 267998 
651 7 |a GROENLANDIA  |2 CL-VaPUC  |9 393402 
651 7 |a REGION ARTICA  |2 CL-VaPUC  |9 366377 
583 |a last modification  |c 20120606 02:48:20  |k Rodrigo Vera 
999 |c 321665  |d 321663 
952 |0 0  |1 0  |4 0  |6 910_400000000000000_HAL_1864  |7 0  |8 X  |9 400467  |a FDOBUD  |b FDOBUD  |d 2019-11-22  |h v.1  |i 1036254  |o 910.4 HAL 1864  |p 1036254  |r 2019-11-22  |w 2019-11-22  |y BK_X  |k BUD 
952 |0 0  |1 0  |4 0  |6 910_400000000000000_HAL_1864  |7 0  |8 X  |9 400468  |a FDOBUD  |b FDOBUD  |d 2019-11-22  |h v.2  |i 1036262  |o 910.4 HAL 1864  |p 1036262  |r 2019-11-22  |w 2019-11-22  |y BK_X  |k BUD